Senators of the 101st Congress - Statistics

General Stats
  • This quiz has been taken 35 times
  • The average score is 62 of 102
Answer Stats
State Served Answer Years Served/Political Party % Correct
Massachusetts Ted Kennedy 1962-2009 (D)
100%
Kentucky Mitch McConnell 1985-Present (R)
96%
South Carolina Strom Thurmond 1954-1956/1956-2003 (R)
96%
Iowa Chuck Grassley 1981-Present (R)
93%
West Virginia Robert Byrd 1959-2010 (D)
93%
Alaska Frank Murkowski 1981-2002 (R)
89%
West Virginia Jay Rockefeller 1985-2015 (D)
89%
Delaware Joe Biden 1973-2009 (D)
89%
Arizona John McCain 1987-2018 (R)
89%
Hawaii Daniel Inouye 1963-2012 (D)
85%
Massachusetts John Kerry 1985-2013 (D)
85%
Virginia John Warner 1979-2009 (R)
85%
Utah Orrin Hatch 1977-2019 (R)
85%
Vermont Patrick Leahy 1975-2023 (D)
85%
Alabama Richard Shelby 1987-2023 (D)
85%
Mississippi Thad Cochran 1978-2018 (R)
85%
Ohio John Glenn 1974-1999 (D)
81%
Alaska Ted Stevens 1968-2009 (R)
81%
Iowa Tom Harkin 1985-2015 (D)
81%
Tennessee Al Gore 1985-1993 (D)
78%
Pennsylvania Arlen Specter 1981-2011 (R)
78%
Kansas Bob Dole 1969-1996 (R)
78%
Florida Bob Graham 1987-2005 (D)
78%
Michigan Carl Levin 1979-2015 (D)
78%
Montana Max Baucus 1978-2014 (D)
78%
Maryland Barbara Mikulski 1987-2017 (D)
74%
Conneticut Chris Dodd 1981-2011 (D)
74%
Hawaii Daniel Akaka 1990-2013 (D)
74%
New York Daniel Patrick Moynihan 1977-2001 (D)
74%
New Jersey Frank Lautenberg 1982-2001/2003-2013 (D)
74%
Nevada Harry Reid 1987-2017 (D)
74%
Conneticut Joe Lieberman 1989-2013 (D)
74%
Mississippi Trent Lott 1989-2007 (R)
74%
Delaware Bill Roth 1971-2001 (R)
70%
South Carolina Fritz Hollings 1966-2005 (D)
70%
Alabama Howell Heflin 1979-1997 (D)
70%
North Carolina Jesse Helms 1973-2003 (R)
70%
Rhode Island John Chafee 1976-1999 (R)
70%
New Mexico Pete Domenici 1973-2009 (R)
70%
California Pete Wilson 1983-1991 (R)
70%
Arkansas David Pryor 1979-1997 (D)
67%
Vermont Jim Jeffords 1989-2007 (R)
67%
Pennsylvania John Heinz 1977-1991 (R)
67%
North Dakota Kent Conrad 1987-1992/1992-2013 (D)
67%
Missouri Kit Bond 1987-2011 (R)
67%
Maryland Paul Sarbanes 1977-2007 (D)
67%
Indiana Richard Lugar 1977-2013 (R)
67%
South Dakota Tom Daschle 1987-2005 (D)
67%
New York Al D'Amato 1981-1999 (R)
63%
Indiana Dan Coats 1989-1999/2011-2017 (R)
63%
Maine George Mitchell 1980-1995 (D)
63%
Wisconsin Herb Kohl 1989-2013 (D)
63%
Texas Lloyd Bentsen 1971-1993 (D)
63%
Kansas Nancy Kassebaum 1978-1997 (R)
63%
Illinois Paul Simon 1985-1997 (D)
63%
Texas Phil Gramm 1985-2002 (R)
63%
Georgia Sam Nunn 1972-1997 (D)
63%
Washington Slade Gorton 1981-1987/1989-2001 (R)
63%
Kentucky Wendell Ford 1974-1999 (D)
63%
Maine William Cohen 1979-1997 (R)
63%
Montana Conrad Burns 1989-2007 (R)
59%
Arkansas Dale Bumpers 1975-1999 (D)
59%
Arizona Dennis DeConcini 1977-1995 (D)
59%
Nebraska Bob Kerrey 1989-2001 (D)
56%
New Hampshire Bob Smith 1990-2003 (R)
56%
Florida Connie Mack III 1989-2001 (R)
56%
Ohio Howard Metzenbaum 1974/1976-1995 (D)
56%
Louisiana John Breaux 1987-2005 (D)
56%
Oregon Mark Hatfield 1967-1997 (R)
56%
Hawaii Spark Matsunaga 1977-1990 (D)
56%
Wyoming Alan Simpson 1979-1997 (R)
52%
Oregon Bob Packwood 1969-1995 (R)
52%
Oklahoma Don Nickles 1981-2005 (R)
52%
Virginia Chuck Robb 1989-2001 (D)
48%
New Mexico Jeff Bingaman 1983-2013 (D)
48%
Missouri John Danforth 1976-1995 (R)
48%
South Dakota Larry Pressler 1979-1997 (R)
48%
California Alan Cranston 1969-1993 (D)
44%
New Jersey Bill Bradley 1979-1997 (D)
44%
Rhode Island Claiborne Pell 1961-1997 (D)
44%
Louisiana J. Bennett Johnston 1972-1997 (D)
44%
Illinois Alan Dixon 1981-1993 (D)
37%
Oklahoma David Boren 1979-1994 (D)
37%
North Dakota Quentin Burdick 1960-1992 (D)
37%
Nevada Richard Bryan 1989-2001 (D)
37%
Wisconsin Bob Kasten 1981-1993 (R)
33%
Washington Brock Adams 1987-1993 (D)
33%
Minnesota David Durenberger 1978-1995 (R)
33%
Michigan Don Riegle 1976-1995 (D)
33%
Utah Jake Garn 1974-1993 (R)
33%
Nebraska J. James Exon 1979-1997 (D)
33%
New Hampshire Gordon J. Humphrey 1979-1990 (R)
30%
Minnesota Rudy Boschwitz 1978-1991 (R)
30%
Idaho Steve Symms 1981-1993 (R)
30%
North Carolina Terry Sanford 1986-1993 (D)
30%
Colorado Tim Wirth 1987-1993 (D)
30%
Idaho Jim McClure 1973-1991 (R)
26%
Tennessee Jim Sasser 1977-1995 (D)
26%
Wyoming Malcolm Wallop 1977-1995 (R)
26%
Georgia Wyche Flower 1987-1993 (D)
26%
New Hampshire Warren Rudman 1980-1993 (R)
22%
Colorado William Armstrong 1979-1991 (R)
19%
No matching quizzes found
Score Distribution
Percent of People with Each Score
Percentile by Number Answered
Your Score History
You have not taken this quiz